LIBRARY & INFORMATION CENTRE, KCAET, TAVANUR

ONLINE PUBLIC ACCESS CATALOGUE (OPAC)

Tata McGraw-Hill`s General Studies Manual for the UPSC Civil Sevices Preliminary Examination-1996 / (Record no. 18078)

MARC details
000 -LEADER
fixed length control field 00473cam a2200157ua 4500
003 - CONTROL NUMBER IDENTIFIER
control field OSt
008 - FIXED-LENGTH DATA ELEMENTS--GENERAL INFORMATION
fixed length control field 240321b |||||||| |||| 00| 0 eng d
020 ## - INTERNATIONAL STANDARD BOOK NUMBER
ISBN 0-07-0463949-8
041 ## - LANGUAGE CODE
Language code of text/sound track or separate title eng
082 ## - DEWEY DECIMAL CLASSIFICATION NUMBER
Classification number 001
Item number TAR/TA
100 ## - MAIN ENTRY--AUTHOR NAME
Personal name Tara, Chand .
245 00 - TITLE STATEMENT
Title Tata McGraw-Hill`s General Studies Manual for the UPSC Civil Sevices Preliminary Examination-1996 /
260 ## - PUBLICATION, DISTRIBUTION, ETC. (IMPRINT)
Place of publication New Delhi :
Name of publisher Tata Mc-Graw Hill Publishing Company ,
Year of publication 1996.
300 ## - PHYSICAL DESCRIPTION
Number of Pages ; .
942 ## - ADDED ENTRY ELEMENTS (KOHA)
Koha item type Books
Holdings
Withdrawn status Lost status Damaged status Home library Current library Date acquired Full call number Accession Number Koha item type
      KAUAET KAUAET 21/03/2020 001 TAR/TA 18914 Books
free website counter